000
00286nmm a2200097Ia 4500
008
220120s9999||||xx |||||||||||||||||und||
020
_a
81-7853-042-2
100
_a
PCQ
245
0
_a
15 top downloades of 2011, 10 web meeting solutions, 16 esse
260
_a
Cyber media Pvt. Ltd.
_b
Bangalore
999
_c
139796
_d
139796